000 01218cam a22003617a 4500
003 CHAP
005 20220817041648.0
008 971013s1968 r 00010 d
010 _a20975
011 _a21947
035 _a26038
040 _cCHAP
090 _aFolleto 2043
100 0 0 _aDorner, Peter.
_934023
245 1 4 _aThe influence of land tenure institutions on the economic development of agriculture in less developed countries
260 _aMadison :
_bLand Tenure Center,
_c1968
300 _a32 h.
490 0 _aLTC
_v; 55
590 _aBATCH-UPD
_b10
_c20130110
_lUCH01
_h0017
590 _aBATCH-UPD
_b10
_c20130110
_lUCH01
_h1017
590 _aBATCH-UPD
_b10
_c20130409
_lUCH01
_h1955
590 _aBATCH-UPD
_b10
_c20130410
_lUCH01
_h0623
590 _aBATCH-UPD
_b10
_c20130913
_lUCH01
_h2019
590 _aCONVERSION
_b10
_c20130109
_lUCH01
_h1312
650 1 4 _aAgricultura
_xAspectos económicos
_xPaíses subdesarrollados.
_91281
650 1 4 _aAgricultura
_xPaíses subdesarrollados.
_91760
650 1 4 _aDesarrollo económico.
650 1 4 _aTierras
_xTenencia.
_9113130
830 0 _aLTC
_v; 55
_968830
901 _aBK
942 _cFOLL
949 _aFolleto 2043
_bBC
_cFOLL
_d-60168
_eTS1
_i26038
_si
999 _c20975
_d20975